|
|
|
|
| LEADER |
01459nam a22003857a 4500 |
| 001 |
39573 |
| 003 |
BD-DhAAL |
| 008 |
220906t2021 sz a b 001|0|eng|d |
| 999 |
|
|
|c 44825
|d 44825
|
| 020 |
|
|
|a 9783030647957 (hbk.)
|
| 020 |
|
|
|a 9783030647964 (eBook)
|
| 040 |
|
|
|a BD-DhAAL
|c BD-DhAAL
|
| 082 |
|
|
|a 822.33
|2 23
|
| 245 |
|
|
|a Shakespeare in East Asian education /
|c Sarah Olive... [et al.] ; with an afterword by Chen Yilin.
|
| 260 |
|
|
|a Cham, Switzerland :
|b Palgrave Macmillan,
|c 2021.
|
| 300 |
|
|
|a x, 242 pages ;
|c 22 cm.
|
| 490 |
|
|
|a Global Shakespeares
|
| 504 |
|
|
|a Includes bibliographical references and index.
|
| 526 |
|
|
|a ENH
|
| 541 |
|
|
|a Paragon Enterprises LTD
|e 39573
|
| 650 |
|
|
|a Literature.
|9 51288
|
| 650 |
|
|
|a Literature, Modern.
|9 51289
|
| 650 |
|
|
|a Theater.
|9 51290
|
| 650 |
|
|
|a Drama.
|9 51291
|
| 650 |
|
|
|a Education and state.
|9 51292
|
| 650 |
|
|
|a English literature.
|9 51293
|
| 700 |
|
|
|a Olive, Sarah,
|e author.
|9 51294
|
| 700 |
|
|
|a Kohei, Uchimaru,
|e author.
|9 51295
|
| 700 |
|
|
|a Lee, Adele,
|d 1982-
|e author.
|9 51296
|
| 700 |
|
|
|a Fielding, Rosalind,
|e author.
|9 51297
|
| 700 |
|
|
|a Yilin, Chen
|9 51298
|
| 830 |
|
|
|a Global Shakespeares
|9 51299
|
| 852 |
|
|
|a Ayesha Abed Library
|c General Stacks
|
| 942 |
|
|
|2 ddc
|c BK
|
| 952 |
|
|
|0 0
|1 0
|2 ddc
|4 0
|6 822_330000000000000_SHA
|7 0
|9 71755
|a BRACUL
|b BRACUL
|c GEN
|d 2022-08-30
|e Paragon Enterprises LTD
|g 4895.00
|l 1
|m 1
|o 822.33 SHA
|p 3010039573
|r 2023-05-29
|s 2022-12-06
|t 1
|v 4895.00
|w 2022-08-30
|y BK
|